000
00339nam a2200133Ia 4500
008
240624s9999 xx 000 0 und d
041
_a
eng
082
_a
200 RAM
100
_a
RAMSUKHDAS SWAMI
245
_a
SRIMAD BHAGAVADGITA VOLUME II
260
_c
2010
_a
Gorakhpur
_b
Gita Press
300
_a
viii, : 2114 : p. : cm. ; 20
365
_c
RS
999
_c
21409
_d
21409